Japan's steel industry
Đã lưu trong:
| 主要作者: | |
|---|---|
| 格式: | 图书 |
| 语言: | Undetermined |
| 出版: |
Tokyo
Rekko Shim Sha
|
| 主题: | |
| 标签: |
添加标签
没有标签, 成为第一个标记此记录!
|
| Thư viện lưu trữ: | Trung tâm Học liệu Trường Đại học Cần Thơ |
|---|
| LEADER | 00471nam a2200181Ia 4500 | ||
|---|---|---|---|
| 001 | CTU_99758 | ||
| 008 | 210402s9999 xx 000 0 und d | ||
| 082 | |a 669.142 | ||
| 082 | |b K22 | ||
| 100 | |a Tsutomu, Kawasaki | ||
| 245 | 0 | |a Japan's steel industry | |
| 245 | 0 | |c Tsutomu Kawasaki | |
| 260 | |a Tokyo | ||
| 260 | |b Rekko Shim Sha | ||
| 650 | |a Steel industry and trade | ||
| 650 | |z Japan | ||
| 904 | |i Truc | ||
| 980 | |a Trung tâm Học liệu Trường Đại học Cần Thơ | ||